| 000 | 00823nam a22002297a 4500 | ||
|---|---|---|---|
| 005 | 20240530110527.0 | ||
| 008 | 151012s2011 ua g 000 p ara d | ||
| 017 |
_a2011/13489 _bمصر . دار الكتب المصرية |
||
| 020 | _a9789775023049 | ||
| 040 | _aEG-CaGPL | ||
| 082 | 0 | 4 |
_221 _a811.052/ _bع أ |
| 100 | 0 | _aعبدالعزيز المهدواى . | |
| 245 | 1 | 0 |
_aاغنيات مصرية : _bقصائد / _cعبدالعزيز المهدواى . |
| 250 | _aط1. | ||
| 260 |
_aالقاهرة : _bدار كتابات ، _c2011 . |
||
| 300 |
_a75 ص ؛ _c21 سم . |
||
| 650 | 0 | 4 | _aالاغانى الوطنية . |
| 650 | 0 | 4 |
_aثمورة 25 يناير _vاغانى . |
| 650 | 0 | 4 |
_aالاغانى الوطنية _yثورة 25 يناير . |
| 942 |
_2ddc _cBK |
||
| 999 |
_c62015 _d62015 |
||